000 00839nam a2200265 a 4500
001 BRCA_7784
005 20190320210006.0
008 011013s1960----enka######---#000-0#eng-#
041 _aeng
044 _aenk
050 4 _aN1629
_b.T74
100 1 _aNovotny, Vladimir
_919277
245 1 0 _aTreasures of the Prague National Gallery
_cby Vladimir Novotny ; photos by K. and L. Neubert ; traduction by Iris Urwin.
260 _aLondres
_bBatchworth
_c[1960]
300 _axv p.
_bil. a color, 100 láminas
_c31 cm.
500 _aX28
610 2 4 _aNarodni Galerie (Praga)
_919278
650 1 4 _aPintura
_zPraga
_919279
651 4 _aPraga (República Checa)
_vGalerías y museos
_919280
700 1 _aNeubert, K.
_eil.
_919281
700 1 _aNeubert, L.
_eil.
_919282
700 1 _aUrwin, Iris
_etr.
_919283
902 _aGFM
942 _2lcc
_cB
999 _c7458
_d7458